[Event "EUYCC 2025 - U12"]
[Site "?"]
[Date "2025.08.25"]
[Round "7.4"]
[White "Kozusnik, Jan"]
[Black "Lazars, Krisjanis"]
[Result "0-1"]
[BlackElo "1845"]
[WhiteElo "1726"]
[LiveChessVersion "1.4.8"]

1. e4 {[%clk 1:30:58]} c5 {[%clk 1:30:59]} 2. Nf3 {[%clk 1:31:23]} e6
{[%clk 1:31:22]} 3. d4 {[%clk 1:31:49]} cxd4 {[%clk 1:31:50]} 4. Nxd4
{[%clk 1:32:12]} Nc6 {[%clk 1:32:14]} 5. Nc3 {[%clk 1:32:28]} Qc7
{[%clk 1:32:42]} 6. Be2 {[%clk 1:32:27]} a6 {[%clk 1:33:03]} 7. O-O
{[%clk 1:32:35]} Nf6 8. a3 {[%clk 1:32:55]} Be7 {[%clk 1:28:30]} 9. Be3
{[%clk 1:32:58]} b5 {[%clk 1:28:19]} 10. f4 {[%clk 1:32:01]} Nxd4
{[%clk 1:23:08]} 11. Bxd4 {[%clk 1:30:58]} d6 {[%clk 1:20:13]} 12. Bf3
{[%clk 1:22:52]} Bb7 {[%clk 1:18:33]} 13. e5 {[%clk 1:19:51]} dxe5
{[%clk 1:18:12]} 14. Bxe5 {[%clk 1:13:52]} Qb6+ {[%clk 1:18:29]} 15. Bd4
{[%clk 1:05:46]} Bc5 {[%clk 1:15:52]} 16. Bxc5 {[%clk 1:05:50]} Qxc5+
{[%clk 1:16:20]} 17. Kh1 {[%clk 1:06:13]} Bxf3 {[%clk 1:16:29]} 18. Qxf3
{[%clk 1:06:02]} O-O {[%clk 1:16:43]} 19. Qe2 {[%clk 0:59:40]} Rac8
{[%clk 1:15:54]} 20. Rf3 {[%clk 0:53:15]} Rfd8 {[%clk 1:14:47]} 21. Raf1
{[%clk 0:45:19]} g6 {[%clk 0:58:58]} 22. Qe5 {[%clk 0:35:02]} Nd5
{[%clk 0:55:03]} 23. Rd1 {[%clk 0:30:23]} b4 {[%clk 0:50:02]} 24. axb4
{[%clk 0:23:32]} Qxb4 {[%clk 0:50:10]} 25. Rfd3 {[%clk 0:23:09]} Qb8
{[%clk 0:45:20]} 26. Ne4 {[%clk 0:06:22]} Qxe5 {[%clk 0:44:47]} 27. fxe5
{[%clk 0:06:38]} Rxc2 {[%clk 0:44:58]} 28. Nf6+ {[%clk 0:05:45]} Kg7
{[%clk 0:43:58]} 29. h3 {[%clk 0:01:52]} Rxb2 {[%clk 0:43:42]} 30. Ra3
{[%clk 0:01:07]} Re2 {[%clk 0:42:14]} 31. Rxa6 {[%clk 0:00:38]} Rxe5
{[%clk 0:42:35]} 32. Ng4 {[%clk 0:00:39]} Re2 {[%clk 0:42:33]} 33. Ra7
{[%clk 0:00:39]} h5 {[%clk 0:42:45]} 34. Nh2 {[%clk 0:00:51]} Rc8
{[%clk 0:42:22]} 35. Nf3 {[%clk 0:00:46]} Rec2 {[%clk 0:39:36]} 36. Ng5
{[%clk 0:00:39]} R8c7 {[%clk 0:39:37]} 37. Rda1 {[%clk 0:00:45]} Rxa7
{[%clk 0:39:44]} 38. Rxa7 {[%clk 0:01:09]} Rc7 {[%clk 0:40:00]} 39. Ra6
{[%clk 0:01:19]} Kf6 {[%clk 0:39:40]} 40. Ne4+ {[%clk 0:01:38]} Ke5
{[%clk 0:39:57]} 41. Ng5 {[%clk 0:01:21]} Kf6 {[%clk 0:36:59]} 42. Ne4+
{[%clk 0:01:23]} Ke7 {[%clk 0:37:23]} 43. Ra8 {[%clk 0:01:14]} f5
{[%clk 0:37:06]} 44. Ng5 {[%clk 0:01:14]} Kf6 {[%clk 0:37:16]} 45. h4
{[%clk 0:01:23]} Rc4 {[%clk 0:36:49]} 46. Rf8+ {[%clk 0:01:10]} Ke7
{[%clk 0:37:03]} 47. Rf7+ {[%clk 0:01:28]} Ke8 {[%clk 0:37:29]} 48. g3
{[%clk 0:01:41]} Rc7 {[%clk 0:35:50]} 0-1

[Event "EUYCC 2025 - U12"]
[Site "?"]
[Date "2025.08.25"]
[Round "7.5"]
[White "Hamernikova, Iris"]
[Black "Strekalovs, Ernests"]
[Result "0-1"]
[BlackElo "1683"]
[WhiteElo "1511"]
[LiveChessVersion "1.4.8"]

1. c4 {[%clk 1:30:58]} Nf6 {[%clk 1:30:56]} 2. Nc3 {[%clk 1:31:22]} d6
{[%clk 1:30:44]} 3. g3 {[%clk 1:31:37]} Nbd7 {[%clk 1:31:07]} 4. Bg2
{[%clk 1:31:50]} g6 {[%clk 1:30:58]} 5. d4 {[%clk 1:30:49]} Bg7 {[%clk 1:31:21]}
6. e3 {[%clk 1:30:08]} O-O {[%clk 1:30:58]} 7. Nge2 {[%clk 1:30:25]} e5
{[%clk 1:31:10]} 8. O-O {[%clk 1:30:35]} c6 {[%clk 1:31:33]} 9. b3
{[%clk 1:26:29]} Re8 {[%clk 1:17:20]} 10. Bb2 {[%clk 1:17:01]} Rb8
{[%clk 1:17:15]} 11. Rc1 {[%clk 1:16:46]} Nf8 {[%clk 1:10:25]} 12. d5
{[%clk 1:06:52]} c5 {[%clk 1:09:34]} 13. e4 {[%clk 0:55:24]} a6 {[%clk 1:08:05]}
14. f4 {[%clk 0:37:57]} exf4 {[%clk 1:05:49]} 15. Nxf4 {[%clk 0:37:35]} Nxe4
{[%clk 1:02:58]} 16. Bxe4 {[%clk 0:34:17]} Bxc3 {[%clk 1:03:22]} 17. Bxc3
{[%clk 0:34:44]} Rxe4 {[%clk 1:03:46]} 18. Qf3 {[%clk 0:35:08]} f5
{[%clk 1:02:19]} 19. Ba1 {[%clk 0:29:53]} Nd7 {[%clk 0:53:18]} 20. Ne6
{[%clk 0:27:42]} Qe7 {[%clk 0:53:39]} 21. Rce1 {[%clk 0:27:20]} Ne5
{[%clk 0:53:30]} 22. Bxe5 {[%clk 0:26:49]} Rxe5 {[%clk 0:53:52]} 23. g4
{[%clk 0:17:22]} Bxe6 {[%clk 0:52:07]} 24. dxe6 {[%clk 0:17:46]} Rxe1
{[%clk 0:49:54]} 25. Rxe1 {[%clk 0:18:08]} Qh4 {[%clk 0:50:17]} 26. Re4
{[%clk 0:09:00]} fxe4 {[%clk 0:49:50]} 27. Qf7+ {[%clk 0:09:26]} Kh8
{[%clk 0:50:14]} 28. e7 {[%clk 0:08:08]} Qxg4+ {[%clk 0:50:33]} 0-1

[Event "EUYCC 2025 - U12"]
[Site "?"]
[Date "2025.08.25"]
[Round "7.6"]
[White "Ganea, Yanis-Andrei"]
[Black "Hrckova, Anna"]
[Result "1-0"]
[BlackElo "1705"]
[WhiteElo "1917"]
[LiveChessVersion "1.4.8"]

1. e4 {[%clk 1:30:57]} e6 {[%clk 1:30:54]} 2. Nf3 {[%clk 1:31:20]} d5
{[%clk 1:31:17]} 3. e5 {[%clk 1:31:44]} c5 {[%clk 1:31:43]} 4. b4
{[%clk 1:32:10]} cxb4 {[%clk 1:26:43]} 5. a3 {[%clk 1:32:25]} Nc6
{[%clk 1:18:17]} 6. axb4 {[%clk 1:32:18]} Bxb4 {[%clk 1:17:29]} 7. c3
{[%clk 1:32:41]} Be7 {[%clk 1:14:18]} 8. d4 {[%clk 1:32:13]} Bd7 {[%clk 1:12:01]}
9. h4 {[%clk 1:31:42]} Rc8 {[%clk 1:11:46]} 10. Bd3 {[%clk 1:31:00]} a6
{[%clk 0:55:43]} 11. Ng5 {[%clk 1:12:53]} Bxg5 {[%clk 0:52:08]} 12. hxg5
{[%clk 1:12:55]} Nge7 {[%clk 0:52:24]} 13. g4 {[%clk 1:02:48]} Qc7
{[%clk 0:47:42]} 14. Ba3 {[%clk 0:33:08]} Nxe5 {[%clk 0:14:04]} 15. dxe5
{[%clk 0:33:22]} Qxe5+ {[%clk 0:14:31]} 16. Qe2 {[%clk 0:33:07]} Qxg5
{[%clk 0:14:43]} 17. Kd1 {[%clk 0:27:35]} d4 {[%clk 0:12:17]} 18. Rh5
{[%clk 0:27:17]} Qf6 {[%clk 0:12:13]} 19. Bd6 {[%clk 0:25:32]} Ng6
{[%clk 0:08:52]} 20. Rf5 {[%clk 0:23:55]} Qd8 {[%clk 0:08:34]} 21. c4
{[%clk 0:23:40]} Ba4+ {[%clk 0:07:38]} 22. Rxa4 {[%clk 0:21:50]} Qxd6
{[%clk 0:08:04]} 23. Qe4 {[%clk 0:21:01]} Qe7 {[%clk 0:05:39]} 24. Rh5
{[%clk 0:20:40]} O-O {[%clk 0:03:47]} 25. Nd2 {[%clk 0:20:42]} h6
{[%clk 0:03:11]} 26. Nf3 {[%clk 0:20:34]} Qd7 {[%clk 0:03:19]} 27. Raa5
{[%clk 0:20:28]} Qc7 {[%clk 0:03:01]} 28. Nh4 {[%clk 0:18:57]} Qf4
{[%clk 0:02:54]} 29. Nxg6 {[%clk 0:17:51]} Qxe4 {[%clk 0:03:18]} 30. Ne7+
{[%clk 0:18:10]} Kh8 {[%clk 0:03:25]} 31. Bxe4 {[%clk 0:18:18]} Rc7
{[%clk 0:03:29]} 32. Nc6 bxc6 {[%clk 0:03:19]} 33. Rxa6 {[%clk 0:18:40]} Rb8
{[%clk 0:03:10]} 34. Rc5 {[%clk 0:18:40]} Rb2 {[%clk 0:02:46]} 35. Ra8+
{[%clk 0:18:58]} 1-0

[Event "EUYCC 2025 - U12"]
[Site "?"]
[Date "2025.08.25"]
[Round "7.7"]
[White "Rudys, Augustas"]
[Black "Janovicek, Lukas"]
[Result "1-0"]
[BlackElo "1835"]
[WhiteElo "1555"]
[LiveChessVersion "1.4.8"]

1. e4 {[%clk 1:30:56]} c5 {[%clk 1:30:54]} 2. Nf3 {[%clk 1:31:19]} Nc6
{[%clk 1:31:20]} 3. c3 {[%clk 1:31:22]} d5 {[%clk 1:31:42]} 4. exd5
{[%clk 1:31:00]} Qxd5 {[%clk 1:32:05]} 5. d4 {[%clk 1:31:03]} e6 {[%clk 1:32:10]}
6. Be3 {[%clk 1:29:17]} cxd4 {[%clk 1:30:37]} 7. cxd4 {[%clk 1:29:12]} Nf6
{[%clk 1:29:54]} 8. Nc3 {[%clk 1:28:12]} Qd6 {[%clk 1:23:59]} 9. Bc4
{[%clk 1:24:51]} Qb4 {[%clk 1:14:39]} 10. Qb3 {[%clk 1:15:52]} Na5
{[%clk 1:03:27]} 11. Bb5+ {[%clk 1:11:12]} Bd7 {[%clk 1:00:00]} 12. Bxd7+
{[%clk 1:09:07]} Nxd7 {[%clk 0:58:19]} 13. Qxb4 {[%clk 1:08:28]} Bxb4
{[%clk 0:58:41]} 14. O-O {[%clk 1:03:51]} Bxc3 {[%clk 0:53:48]} 15. bxc3
{[%clk 1:03:15]} Rc8 {[%clk 0:53:02]} 16. Rab1 {[%clk 0:49:15]} b6 17. Rfc1
{[%clk 0:37:12]} O-O {[%clk 0:40:24]} 18. Nd2 {[%clk 0:35:29]} Nc4
{[%clk 0:33:32]} 19. Rb4 {[%clk 0:34:22]} Nxd2 {[%clk 0:33:38]} 20. Bxd2
{[%clk 0:34:20]} Rc6 {[%clk 0:30:33]} 21. c4 {[%clk 0:30:34]} Rfc8
{[%clk 0:25:55]} 22. Be3 {[%clk 0:28:47]} Nf6 {[%clk 0:17:57]} 23. f3
{[%clk 0:26:12]} Kf8 {[%clk 0:13:25]} 24. Kf2 {[%clk 0:23:40]} Ke7
{[%clk 0:12:53]} 25. Ke2 {[%clk 0:23:17]} a6 {[%clk 0:09:29]} 26. Kd3
{[%clk 0:22:07]} a5 {[%clk 0:06:50]} 27. Rb5 {[%clk 0:20:12]} Nd7
{[%clk 0:04:39]} 28. f4 {[%clk 0:18:06]} Kd8 {[%clk 0:04:14]} 29. c5
{[%clk 0:17:18]} f5 {[%clk 0:03:31]} 30. Bf2 {[%clk 0:14:54]} Rb8
{[%clk 0:02:11]} 31. Bh4+ {[%clk 0:13:50]} Ke8 {[%clk 0:02:27]} 32. Rcb1 h6
{[%clk 0:01:56]} 33. Kc4 {[%clk 0:12:12]} Kf7 {[%clk 0:01:48]} 34. d5
{[%clk 0:11:51]} Rxc5+ {[%clk 0:01:48]} 35. Rxc5 {[%clk 0:12:02]} Nxc5
{[%clk 0:02:12]} 36. d6 {[%clk 0:11:47]} Rc8 {[%clk 0:01:43]} 37. Kb5
{[%clk 0:11:25]} Ke8 {[%clk 0:01:40]} 38. Rd1 {[%clk 0:10:14]} Nd7
{[%clk 0:01:21]} 39. Ka6 {[%clk 0:09:03]} Rc6 {[%clk 0:01:19]} 40. Bf2
{[%clk 0:08:21]} Kd8 {[%clk 0:00:37]} 41. Kb7 {[%clk 0:08:18]} Rc2
{[%clk 0:00:49]} 42. Bd4 {[%clk 0:07:41]} g6 {[%clk 0:01:00]} 43. Re1
{[%clk 0:07:36]} Rd2 {[%clk 0:01:07]} 44. Rc1 {[%clk 0:07:16]} Nc5+
{[%clk 0:01:04]} 45. Bxc5 {[%clk 0:07:11]} bxc5 {[%clk 0:01:28]} 46. Kc6
{[%clk 0:07:28]} Rb2 {[%clk 0:01:25]} 47. Re1 {[%clk 0:07:42]} Rd2
{[%clk 0:01:17]} 48. Rxe6 {[%clk 0:07:59]} c4 {[%clk 0:01:27]} 49. Rxg6
{[%clk 0:08:15]} Ke8 {[%clk 0:01:47]} 50. Rg3 {[%clk 0:07:34]} Rd3
{[%clk 0:02:03]} 51. d7+ {[%clk 0:07:24]} Kd8 {[%clk 0:02:19]} 52. Rg8+
{[%clk 0:07:30]} Ke7 {[%clk 0:02:39]} 53. Re8+ {[%clk 0:06:48]} 1-0

[Event "EUYCC 2025 - U12"]
[Site "?"]
[Date "2025.08.25"]
[Round "7.8"]
[White "Bogomolnikova, Zlata"]
[Black "Cieslar, Nikodem"]
[Result "0-1"]
[BlackElo "1786"]
[WhiteElo "1798"]
[LiveChessVersion "1.4.8"]

1. e4 {[%clk 1:30:54]} e5 {[%clk 1:30:49]} 2. Nf3 {[%clk 1:31:18]} Nc6
{[%clk 1:31:14]} 3. Bb5 {[%clk 1:31:41]} a6 {[%clk 1:31:31]} 4. Ba4
{[%clk 1:32:06]} Nf6 {[%clk 1:31:54]} 5. O-O {[%clk 1:32:17]} Be7
{[%clk 1:32:19]} 6. Re1 {[%clk 1:32:41]} b5 {[%clk 1:32:44]} 7. Bb3
{[%clk 1:32:55]} O-O {[%clk 1:33:02]} 8. d3 {[%clk 1:32:42]} d6 {[%clk 1:31:03]}
9. c3 {[%clk 1:33:03]} Bg4 {[%clk 1:28:48]} 10. Nbd2 {[%clk 1:33:23]} Qd7
{[%clk 1:24:54]} 11. Nf1 {[%clk 1:28:58]} h6 {[%clk 1:23:44]} 12. h3
{[%clk 1:26:41]} Be6 {[%clk 1:17:35]} 13. Ng3 {[%clk 1:24:36]} Nh7
{[%clk 1:11:18]} 14. d4 {[%clk 1:20:27]} exd4 {[%clk 1:10:08]} 15. cxd4
{[%clk 1:15:02]} d5 {[%clk 1:00:28]} 16. e5 {[%clk 1:11:28]} f5 {[%clk 0:57:43]}
17. a3 {[%clk 0:58:39]} Qd8 {[%clk 0:49:56]} 18. Bd2 {[%clk 0:49:27]} Bg5
{[%clk 0:35:46]} 19. Qc2 {[%clk 0:45:48]} Ne7 {[%clk 0:32:39]} 20. Bb4
{[%clk 0:43:31]} f4 {[%clk 0:21:28]} 21. Ne2 {[%clk 0:40:17]} Bf5
{[%clk 0:18:37]} 22. Qc5 {[%clk 0:39:06]} a5 {[%clk 0:16:32]} 23. Nxg5
{[%clk 0:31:54]} axb4 {[%clk 0:16:28]} 24. Nxh7 {[%clk 0:27:22]} Bxh7
{[%clk 0:16:47]} 25. axb4 {[%clk 0:25:47]} Rxa1 {[%clk 0:16:25]} 26. Rxa1
{[%clk 0:26:04]} f3 {[%clk 0:16:39]} 27. Nc3 {[%clk 0:24:39]} c6 {[%clk 0:16:18]}
28. Ra7 {[%clk 0:18:13]} Nc8 {[%clk 0:15:30]} 29. Ra8 {[%clk 0:16:25]} Qg5
{[%clk 0:15:40]} 30. g3 {[%clk 0:10:18]} Qxg3+ {[%clk 0:14:25]} 31. fxg3
{[%clk 0:10:23]} f2+ {[%clk 0:14:52]} 32. Kh2 {[%clk 0:05:29]} f1=Q
{[%clk 0:15:01]} 33. Bxd5+ {[%clk 0:05:36]} cxd5 {[%clk 0:14:49]} 34. Rxc8
{[%clk 0:04:41]} Qf2+ {[%clk 0:13:50]} 35. Kh1 {[%clk 0:05:04]} Qe1+
{[%clk 0:14:01]} 36. Kh2 {[%clk 0:04:40]} Qd2+ {[%clk 0:14:12]} 37. Kh1
{[%clk 0:04:40]} Qc1+ {[%clk 0:14:31]} 38. Kh2 {[%clk 0:04:39]} Qxb2+
{[%clk 0:14:43]} 39. Kg1 {[%clk 0:04:37]} Qc1+ {[%clk 0:15:11]} 40. Kh2
{[%clk 0:04:37]} Qc2+ {[%clk 0:15:32]} 41. Kh1 {[%clk 0:04:10]} Be4+
{[%clk 0:12:39]} 42. Nxe4 {[%clk 0:03:33]} Rxc8 {[%clk 0:10:59]} 43. Qxd5+
{[%clk 0:03:30]} Kh8 {[%clk 0:11:14]} 44. Nc5 {[%clk 0:03:21]} Rf8
{[%clk 0:10:17]} 45. Qg2 {[%clk 0:01:42]} Qc1+ {[%clk 0:09:58]} 46. Kh2
{[%clk 0:01:55]} Qe3 {[%clk 0:10:12]} 47. Ne4 {[%clk 0:00:57]} Qxd4
{[%clk 0:08:53]} 48. e6 {[%clk 0:00:37]} Qxb4 {[%clk 0:08:48]} 49. h4
{[%clk 0:00:39]} Re8 {[%clk 0:08:49]} 50. Qc2 {[%clk 0:00:33]} Qe7
{[%clk 0:08:41]} 51. Nc5 {[%clk 0:00:34]} Rc8 {[%clk 0:08:46]} 0-1

[Event "EUYCC 2025 - U12"]
[Site "?"]
[Date "2025.08.25"]
[Round "7.9"]
[White "Gawerska, Karolina"]
[Black "Vanek, Martin"]
[Result "1-0"]
[BlackElo "1791"]
[WhiteElo "1583"]
[LiveChessVersion "1.4.8"]

1. d4 {[%clk 1:30:57]} d5 {[%clk 1:30:59]} 2. Nf3 {[%clk 1:31:14]} Nf6
{[%clk 1:31:09]} 3. c4 {[%clk 1:31:33]} e6 {[%clk 1:31:33]} 4. g3
{[%clk 1:31:31]} Be7 {[%clk 1:31:38]} 5. Bg2 {[%clk 1:31:52]} O-O
{[%clk 1:32:00]} 6. O-O {[%clk 1:32:14]} c6 {[%clk 1:32:11]} 7. Qc2
{[%clk 1:32:35]} b6 {[%clk 1:32:30]} 8. b3 {[%clk 1:33:00]} Bb7 {[%clk 1:32:41]}
9. Nc3 {[%clk 1:33:11]} Na6 {[%clk 1:32:28]} 10. a3 {[%clk 1:29:11]} c5
{[%clk 1:31:45]} 11. cxd5 {[%clk 1:28:45]} exd5 {[%clk 1:31:07]} 12. e3
{[%clk 1:28:31]} Rc8 {[%clk 1:29:41]} 13. Qb2 {[%clk 1:25:27]} Ne4
{[%clk 1:19:14]} 14. Rb1 {[%clk 1:11:34]} cxd4 {[%clk 1:14:12]} 15. Nxe4
{[%clk 1:11:53]} dxe4 {[%clk 1:14:30]} 16. Nxd4 {[%clk 1:12:04]} Nc5
{[%clk 1:11:01]} 17. b4 {[%clk 1:04:57]} Nd3 {[%clk 1:04:47]} 18. Qe2
{[%clk 1:05:07]} Qd7 {[%clk 0:57:10]} 19. Rd1 {[%clk 0:59:01]} Bf6
{[%clk 0:51:47]} 20. Bb2 {[%clk 0:59:09]} Rc7 {[%clk 0:49:28]} 21. h4
{[%clk 0:42:12]} Rfc8 {[%clk 0:41:06]} 22. Rd2 {[%clk 0:41:05]} Rc4
{[%clk 0:32:36]} 23. Nb3 {[%clk 0:33:09]} Bxb2 {[%clk 0:27:36]} 24. Rbxb2
{[%clk 0:33:22]} Qa4 {[%clk 0:22:49]} 25. Rb1 {[%clk 0:30:12]} Rc3
{[%clk 0:20:58]} 26. Nd4 {[%clk 0:27:57]} Rxa3 {[%clk 0:19:20]} 27. Nf5
{[%clk 0:24:47]} Ra1 {[%clk 0:11:28]} 28. Rdd1 {[%clk 0:08:52]} Rxb1
{[%clk 0:07:26]} 29. Rxb1 {[%clk 0:09:15]} Qc2 {[%clk 0:05:09]} 30. Qxc2
{[%clk 0:08:05]} Rxc2 {[%clk 0:05:37]} 31. Nd6 {[%clk 0:08:06]} Bc6
{[%clk 0:05:25]} 32. Nxe4 {[%clk 0:07:08]} f5 {[%clk 0:04:13]} 33. Ng5
{[%clk 0:05:03]} Bxg2 {[%clk 0:04:02]} 34. Kxg2 {[%clk 0:05:28]} Nxf2
{[%clk 0:04:00]} 35. Kg1 {[%clk 0:05:16]} h6 {[%clk 0:01:33]} 36. Ne6
{[%clk 0:04:56]} Ne4 {[%clk 0:01:21]} 37. Ra1 {[%clk 0:03:58]} Kf7
{[%clk 0:01:15]} 38. Nd4 {[%clk 0:04:06]} Rc7 {[%clk 0:00:38]} 39. Nxf5
{[%clk 0:03:56]} Kg6 {[%clk 0:01:08]} 40. Nd4 {[%clk 0:04:09]} Nxg3
{[%clk 0:01:09]} 41. Kg2 {[%clk 0:03:59]} Nf5 {[%clk 0:01:22]} 42. h5+
{[%clk 0:04:02]} Kxh5 {[%clk 0:00:56]} 43. Nxf5 {[%clk 0:04:25]} Kg6
{[%clk 0:01:17]} 44. Nd4 {[%clk 0:04:48]} Re7 {[%clk 0:01:29]} 45. Kf3
{[%clk 0:05:02]} Rc7 {[%clk 0:01:34]} 46. Nb5 {[%clk 0:05:14]} Rc4
{[%clk 0:01:51]} 47. Nxa7 {[%clk 0:05:32]} Rxb4 {[%clk 0:02:13]} 48. Nc6
{[%clk 0:05:40]} Rb2 {[%clk 0:02:26]} 49. Nd4 {[%clk 0:05:44]} Kf6
{[%clk 0:02:17]} 50. Rc1 {[%clk 0:05:16]} b5 {[%clk 0:02:14]} 51. Rc6+
{[%clk 0:05:38]} Kf7 {[%clk 0:02:22]} 52. Nf5 {[%clk 0:05:33]} b4
{[%clk 0:01:22]} 53. Rc7+ {[%clk 0:05:55]} Kg6 {[%clk 0:01:24]} 54. Ke4
{[%clk 0:05:17]} b3 {[%clk 0:01:07]} 55. Rxg7+ {[%clk 0:05:37]} Kf6
{[%clk 0:01:23]} 56. Rh7 {[%clk 0:05:22]} Rh2 {[%clk 0:01:15]} 57. Rb7
{[%clk 0:05:13]} b2 {[%clk 0:01:03]} 58. Rb6+ {[%clk 0:05:37]} Kg5
{[%clk 0:00:57]} 59. Nd4 {[%clk 0:05:39]} Rf2 {[%clk 0:00:45]} 60. Ne6+
{[%clk 0:05:17]} Kg4 {[%clk 0:00:56]} 61. Nc5 {[%clk 0:03:56]} Rc2
{[%clk 0:00:37]} 62. Nd3 {[%clk 0:03:39]} h5 {[%clk 0:00:39]} 63. Nxb2
{[%clk 0:03:56]} h4 {[%clk 0:01:01]} 64. Nd3 {[%clk 0:04:09]} h3 {[%clk 0:00:47]}
65. Rg6+ {[%clk 0:04:32]} Kh5 {[%clk 0:00:45]} 66. Nf4+ {[%clk 0:04:43]} Kh4
{[%clk 0:00:58]} 67. Rh6+ {[%clk 0:05:04]} Kg4 {[%clk 0:01:08]} 68. Rxh3
{[%clk 0:04:56]} Ra2 {[%clk 0:01:29]} 69. Rh8 {[%clk 0:04:36]} Ra4+
{[%clk 0:01:51]} 70. Ke5 {[%clk 0:04:58]} Ra5+ {[%clk 0:01:18]} 71. Nd5
{[%clk 0:05:16]} Kf3 {[%clk 0:01:30]} 72. e4 {[%clk 0:05:36]} Ra4
{[%clk 0:01:50]} 73. Rf8+ {[%clk 0:05:56]} Kg4 {[%clk 0:02:06]} 74. Nc3
{[%clk 0:05:56]} Ra5+ {[%clk 0:02:24]} 75. Kd4 {[%clk 0:06:14]} Ra4+
{[%clk 0:02:48]} 1-0

[Event "EUYCC 2025 - U12"]
[Site "?"]
[Date "2025.08.25"]
[Round "7.10"]
[White "Slusarczyk, Agnieszka"]
[Black "Menkov, Ivan"]
[Result "1-0"]
[BlackElo "1657"]
[WhiteElo "1702"]
[LiveChessVersion "1.4.8"]

1. Nf3 {[%clk 1:30:58]} d5 {[%clk 1:30:53]} 2. c4 {[%clk 1:30:57]} c6
{[%clk 1:31:16]} 3. e3 {[%clk 1:27:40]} Nf6 {[%clk 1:31:28]} 4. Qc2
{[%clk 1:26:56]} e6 {[%clk 1:31:49]} 5. b3 {[%clk 1:26:50]} Nbd7 {[%clk 1:32:06]}
6. Bb2 {[%clk 1:26:50]} Bd6 {[%clk 1:32:26]} 7. Nc3 {[%clk 1:26:55]} b6
{[%clk 1:32:50]} 8. Be2 {[%clk 1:22:26]} Bb7 {[%clk 1:33:14]} 9. d4
{[%clk 1:17:58]} O-O {[%clk 1:33:23]} 10. Rg1 {[%clk 1:18:12]} Qc7
{[%clk 1:33:38]} 11. h3 {[%clk 1:15:50]} e5 {[%clk 1:33:13]} 12. dxe5
{[%clk 1:13:16]} Nxe5 {[%clk 1:33:36]} 13. Nxe5 {[%clk 1:09:23]} Bxe5
{[%clk 1:33:59]} 14. f4 {[%clk 1:09:24]} Bxc3+ {[%clk 1:33:28]} 15. Qxc3
{[%clk 1:09:31]} Rad8 {[%clk 1:26:17]} 16. O-O-O {[%clk 1:02:15]} c5
{[%clk 1:25:12]} 17. cxd5 {[%clk 0:58:35]} Bxd5 {[%clk 1:25:22]} 18. g4
{[%clk 0:57:27]} Ne8 {[%clk 1:24:37]} 19. Bb5 {[%clk 0:56:11]} f6
{[%clk 1:24:45]} 20. Rxd5 {[%clk 0:54:15]} Rxd5 {[%clk 1:25:03]} 21. Bc4
{[%clk 0:54:37]} Qd7 {[%clk 1:25:16]} 22. e4 {[%clk 0:54:43]} Nc7
{[%clk 1:24:30]} 23. exd5 {[%clk 0:55:02]} b5 {[%clk 1:24:44]} 24. d6+
{[%clk 0:53:46]} bxc4 {[%clk 1:24:40]} 25. dxc7 {[%clk 0:54:06]} cxb3
{[%clk 1:24:27]} 26. Qxb3+ {[%clk 0:54:06]} Kh8 {[%clk 1:24:50]} 27. Qb8
{[%clk 0:49:19]} Qd6 {[%clk 1:19:24]} 28. Qxf8+ {[%clk 0:47:36]} Qxf8
{[%clk 1:19:45]} 29. Rd1 {[%clk 0:47:58]} 1-0

[Event "EUYCC 2025 - U12"]
[Site "?"]
[Date "2025.08.25"]
[Round "7.11"]
[White "Hroch, Pavel"]
[Black "Fei, Emie"]
[Result "0-1"]
[BlackElo "1557"]
[WhiteElo "1457"]
[LiveChessVersion "1.4.8"]

1. e4 {[%clk 1:30:49]} c5 {[%clk 1:30:24]} 2. Nf3 {[%clk 1:31:07]} Nc6
{[%clk 1:30:29]} 3. d4 {[%clk 1:31:26]} cxd4 {[%clk 1:30:43]} 4. Nxd4
{[%clk 1:31:44]} g6 {[%clk 1:30:45]} 5. Nc3 {[%clk 1:32:03]} Bg7 {[%clk 1:30:44]}
6. Be3 {[%clk 1:32:21]} Nf6 {[%clk 1:30:46]} 7. Bc4 {[%clk 1:32:40]} Qa5
{[%clk 1:30:15]} 8. O-O {[%clk 1:32:36]} O-O {[%clk 1:30:10]} 9. h3
{[%clk 1:32:38]} d6 {[%clk 1:26:58]} 10. Qd2 {[%clk 1:27:52]} Nxd4
{[%clk 1:24:22]} 11. Bxd4 {[%clk 1:27:03]} Nxe4 {[%clk 1:23:35]} 12. Qe3
{[%clk 1:27:19]} Nxc3 {[%clk 1:22:15]} 13. bxc3 {[%clk 1:26:50]} e5
{[%clk 1:21:45]} 14. Rfe1 {[%clk 1:22:48]} exd4 {[%clk 1:20:33]} 15. Qf3
{[%clk 1:22:40]} Qf5 {[%clk 1:16:35]} 16. Qxf5 {[%clk 1:21:10]} Bxf5 17. cxd4
{[%clk 1:21:23]} Bxd4 {[%clk 1:12:23]} 18. Re7 {[%clk 1:20:41]} Bxa1
{[%clk 1:12:35]} 0-1

[Event "EUYCC 2025 - U12"]
[Site "?"]
[Date "2025.08.25"]
[Round "7.12"]
[White "Galia, Simon"]
[Black "Svabova, Klara"]
[Result "0-1"]
[BlackElo "1653"]
[WhiteElo "1478"]
[LiveChessVersion "1.4.8"]

1. e4 {[%clk 1:30:53]} e5 {[%clk 1:30:55]} 2. Nf3 {[%clk 1:31:16]} Nc6
{[%clk 1:31:22]} 3. d4 {[%clk 1:31:28]} exd4 {[%clk 1:31:38]} 4. Nxd4
{[%clk 1:31:38]} Bc5 {[%clk 1:31:08]} 5. Be3 {[%clk 1:31:05]} Qf6
{[%clk 1:31:28]} 6. c3 {[%clk 1:30:49]} Nge7 {[%clk 1:31:54]} 7. Be2
{[%clk 1:30:16]} O-O {[%clk 1:32:13]} 8. O-O {[%clk 1:30:01]} Bb6
{[%clk 1:31:26]} 9. Na3 {[%clk 1:25:56]} d5 {[%clk 1:29:13]} 10. Nxc6
{[%clk 1:21:57]} bxc6 {[%clk 1:28:01]} 11. Bxb6 {[%clk 1:21:16]} cxb6
{[%clk 1:28:10]} 12. exd5 {[%clk 1:20:28]} Nxd5 {[%clk 1:28:22]} 13. Qc2
{[%clk 1:17:25]} Bf5 {[%clk 1:27:31]} 14. Bd3 {[%clk 1:16:57]} Bxd3
{[%clk 1:27:49]} 15. Qxd3 {[%clk 1:16:54]} Rad8 {[%clk 1:28:08]} 16. Rad1
{[%clk 1:13:58]} Qg5 {[%clk 1:27:02]} 17. Qf3 {[%clk 1:12:21]} Rfe8
{[%clk 1:24:44]} 18. Nc2 {[%clk 1:09:53]} c5 {[%clk 1:21:37]} 19. Ne3
{[%clk 1:06:02]} Nxe3 {[%clk 1:21:01]} 20. fxe3 {[%clk 1:06:01]} Qe7
{[%clk 1:19:03]} 21. e4 {[%clk 1:03:07]} h6 {[%clk 1:18:48]} 22. Rxd8
{[%clk 1:01:54]} Rxd8 {[%clk 1:19:08]} 23. Qe3 {[%clk 1:01:52]} Re8
{[%clk 1:18:28]} 24. Re1 {[%clk 1:01:26]} Qe5 {[%clk 1:18:29]} 25. Kh1
{[%clk 0:59:03]} f5 {[%clk 1:18:21]} 26. Kg1 {[%clk 0:58:18]} fxe4
{[%clk 1:18:13]} 27. g3 {[%clk 0:57:46]} g5 {[%clk 1:17:47]} 28. g4
{[%clk 0:57:01]} Kg7 {[%clk 1:17:31]} 29. h3 {[%clk 0:56:47]} Kg6
{[%clk 1:17:22]} 30. Kg2 {[%clk 0:56:04]} Qd5 {[%clk 1:16:59]} 31. b3
{[%clk 0:54:39]} c4 {[%clk 1:16:29]} 32. Qd4 {[%clk 0:51:41]} Qxd4
{[%clk 1:16:17]} 33. cxd4 {[%clk 0:51:51]} c3 {[%clk 1:16:39]} 34. Rc1
{[%clk 0:51:49]} e3 {[%clk 1:16:29]} 35. Kf1 {[%clk 0:51:14]} e2+
{[%clk 1:16:53]} 36. Ke1 {[%clk 0:51:37]} Re3 {[%clk 1:17:01]} 37. Rc2
{[%clk 0:51:01]} Kf6 {[%clk 1:17:16]} 38. Rxe2 {[%clk 0:50:22]} c2
{[%clk 1:17:23]} 39. Rxe3 {[%clk 0:49:36]} c1=Q+ {[%clk 1:17:46]} 40. Kf2
{[%clk 0:49:35]} Qd2+ {[%clk 1:18:01]} 41. Re2 {[%clk 0:49:12]} Qxd4+
{[%clk 1:18:25]} 42. Kf1 {[%clk 0:49:17]} Qd3 {[%clk 1:18:48]} 43. Ke1
{[%clk 0:49:25]} Qxh3 {[%clk 1:19:01]} 44. Rf2+ {[%clk 0:47:43]} Ke5
{[%clk 1:18:51]} 0-1